00432 2200169 4500001002100000008004100021035002000062245005300082100001900135250000600154260004200160300001200202084001400214082000800228650001400236990001200250INLIS000000000001097 ind  a0010-0524000332 aSudahkah Aku Jadi Orangtua ShalehcIhsan Baihaqi aBaihaqi, Ihsan a1 aJakarta :bKhazanah Intelektualc2010 a144 hlm a200 BAI s a200 aNon Fiksi a0744075